[Event "Kragero Resort International 2022"]
[Site "Kragero"]
[Date "2022.02.23"]
[Round "1.11"]
[White "Nordquelle, Daniel"]
[Black "Kulaots, Kaido"]
[Result "0-1"]
[WhiteElo "2130"]
[BlackElo "2527"]
[Annotator "TA"]
[PlyCount "64"]
[EventDate "2022.02.23"]
[EventType "swiss"]
[EventCountry "NOR"]
[SourceTitle "playchess.com"]
[Source "ChessBase"]
[SourceQuality "1"]

{[%evp 15,64,-5,5,-23,0,-2,0,0,0,-4,-2,-18,0,0,0,-27,-25,-97,-96,-273,-275,-385,-377,-382,-383,-561,-269,-258,-255,-332,-258,-256,-248,-455,-208,-295,-321,-288,-291,-294,-221,-234,-235,-239,-235,-243,-231,-392,-380,-376,-350]} 1. e4 c5 2. Nc3 d6 3. g3 g6 4. Bg2 Bg7 5. d3 Nc6 {[%cal Bb8c6,Bc6d4,Bd4e2][%mdl 32]} 6. Nge2 e6 7. Be3 Nd4 8. Qd2 Ne7 9. Rc1 {B26: Closed Sicilian: 3 g3, lines with early Be3.} Nxe2 10. Qxe2 Qb6 11. Nd1 {The position is equal.} Qa5+ 12. Qd2 {[#]} Qxa2 $146 ({Predecessor:} 12... Qxd2+ 13. Kxd2 b6 14. c3 Bb7 15. f4 O-O-O 16. Bf2 d5 17. e5 g5 18. d4 gxf4 19. gxf4 {½-½ (50) Simonian,H (2452)-Gladyszev,O (2473) Kiev 2008}) 13. d4 cxd4 14. Bxd4 e5 15. Bc3 Qa6 16. Bb4 (16. Ne3 $11) 16... Nc6 $17 17. Bxd6 $2 {White does not recover from this.} (17. Ne3 $17 Be6 18. Rd1) 17... Nd4 $19 18. Ba3 {[#]} Bh3 $1 {[%mdl 512]} 19. f4 exf4 20. gxf4 {[#]} (20. Rf1 $142 Bxg2 21. Qxg2) 20... Bxg2 (20... Bf6 $142 $1 21. Kf2 (21. Rg1 Bxg2) 21... Bh4+ 22. Ke3 Bxg2 23. Qxd4 Bf6) 21. Qxg2 O-O-O 22. c4 Qa5+ 23. Nc3 {[#]} Nb3 $1 24. Rc2 (24. Qh3+ {was forced.} f5 25. Rc2) 24... Bd4 (24... Bxc3+ $142 25. Rxc3 Rd3) 25. Kf1 (25. Qh3+ {might work better.} Kb8 26. Kf1 Bxc3 27. Qxc3 Qxc3 28. Rxc3 Nd2+ 29. Kg2) 25... Bxc3 ({Weaker is} 25... Kb8 26. Nd5 $15) 26. Qh3+ f5 ({Don't go for} 26... Kc7 $2 27. Qxc3 Nd2+ 28. Kg2 Qxc3 29. Rxc3 $19) 27. Qxc3 Qxc3 28. Rxc3 Nd2+ 29. Kg2 Nxe4 30. Rc2 Rd3 31. h4 $2 (31. Ra1) 31... Rg3+ 32. Kh2 Rg4 {[%csl LRf4,LRh4] Weighted Error Value: White=0.57/Black=0.30} 0-1

[Event "Kragero Resort International 2022"]
[Site "Kragero"]
[Date "2022.02.23"]
[Round "1.12"]
[White "Lie, Kjetil A."]
[Black "Johannsson, Birkir Isak"]
[Result "1-0"]
[WhiteElo "2520"]
[BlackElo "2103"]
[Annotator "TA"]
[PlyCount "87"]
[EventDate "2022.02.23"]
[EventType "swiss"]
[EventCountry "NOR"]
[SourceTitle "playchess.com"]
[Source "ChessBase"]
[SourceQuality "1"]

{[%evp 9,87,0,0,0,0,-10,-7,-16,-4,6,12,-20,-17,-15,-6,-6,18,-10,14,18,14,16,16,18,18,18,21,-4,46,3,22,8,8,5,4,-7,-8,-7,-2,-15,-10,-8,-3,-8,0,0,0,0,0,0,0,0,18,14,41,33,56,45,115,110,117,122,202,126,129,121,219,218,440,433,404,404,797,755,649,615,2055,1910,29987,29987]} 1. d4 d5 2. Bf4 c5 3. e3 Nc6 4. c3 Nf6 5. Nd2 Bf5 6. Ngf3 {D00: 1 d4 d5: Unusual lines.} Qb6 7. Nh4 {[#] Hoping for dxc5.} Bd7 8. Qb3 {The position is equal.} Qxb3 9. axb3 Nh5 10. Bg3 e6 11. Nhf3 Nxg3 12. hxg3 {[#]} g6 $146 ({Predecessor:} 12... f6 13. Bb5 Kf7 14. dxc5 Bxc5 15. b4 Bb6 16. Nb3 h6 17. Ke2 a6 18. Ba4 Rhb8 {½-½ (38) Iotov,V (2575)-Daubenfeld,N (2531) ICCF email 2018}) 13. Bd3 Be7 14. dxc5 Bxc5 15. b4 Bd6 16. e4 O-O 17. exd5 exd5 18. O-O (18. Nb3 {is interesting.} Rae8+ 19. Kd2 a6 20. Nbd4 Ne5 21. Nxe5 Bxe5 22. Ra5) 18... Bg4 (18... a5 $11) 19. Ra4 (19. Bb5 $14) 19... Bxf3 (19... Bd7 {seems wilder.} 20. Ra2 a6 21. Rd1 d4 22. Be4 dxc3 23. bxc3 Be7) 20. Nxf3 a6 21. Rd1 Rfd8 22. Bc2 Be7 23. Bb3 d4 24. cxd4 b5 25. Raa1 Bf6 26. Rdc1 Rd6 27. Rxc6 Rxc6 28. Bd5 Rac8 {[#] aiming for ...Rc1+.} 29. Bxc6 Rxc6 $11 {[%mdl 4096] Endgame KRB-KRN} 30. Kf1 Be7 31. d5 Rb6 32. Ne5 Bxb4 33. Nc6 Bd6 (33... Bf8 $1 $14) 34. b4 $16 Bf8 35. Ke2 Rb7 (35... h5 $16 {keeps fighting.}) 36. Ke3 ({Inferior is} 36. Rxa6 Rd7 $11) 36... Rb6 37. g4 {White is more active.} f6 (37... h6 $16 {was called for.} 38. Ke4 Bd6) 38. Kd4 $18 Bd6 $2 (38... Kf7 39. Re1 Bd6) 39. Re1 {Re6 is the strong threat.} Kf7 40. g3 Bf8 (40... Kg7 $142 41. Re6 Bf8) 41. Nd8+ Kg8 42. Re8 {And now Ne6 would win.} Rb8 43. d6 {[%cal Bd5d6,Bd6d7][%mdl 32] Strongly threatening d7.} a5 44. d7 {Weighted Error Value: White=0.08 (flawless) /Black=0.43} 1-0

[Event "Kragero Resort International 2022"]
[Site "Kragero"]
[Date "2022.02.23"]
[Round "1.13"]
[White "Bjorgvinsson, Andri Freyr"]
[Black "Chatalbashev, Boris"]
[Result "0-1"]
[WhiteElo "2096"]
[BlackElo "2515"]
[Annotator "TA"]
[PlyCount "62"]
[EventDate "2022.02.23"]
[EventType "swiss"]
[EventCountry "NOR"]
[SourceTitle "playchess.com"]
[Source "ChessBase"]
[SourceQuality "1"]

{[%evp 16,62,39,41,47,47,38,34,30,29,27,41,33,32,31,0,0,0,0,-7,-7,-7,-8,-5,-8,-27,0,-26,-32,-160,-160,-454,-454,-447,-441,-420,-435,-478,-466,-465,-457,-457,-453,-495,-491,-717,-742,-718,-519]} 1. d4 {RR} Nf6 2. c4 c5 3. d5 g6 4. g3 b5 5. cxb5 a6 6. bxa6 Bg7 7. Bg2 d6 8. Nc3 O-O 9. Nf3 Nbd7 {A58: Benko/Volga Gambit: Lines with 5 bxa6.} 10. O-O {[%cal Oa6a7]} Nb6 11. a4 Bxa6 {White is slightly better.} 12. Rb1 {[#]} Bc4 $146 {[%cal Rb6d5]} ({Predecessor:} 12... Bb7 13. e4 Ba6 14. Re1 Nfd7 15. Bf4 Nc4 16. Qc2 Qa5 17. Nb5 Bxb5 18. axb5 Nce5 19. Nxe5 Nxe5 {1-0 (54) Koziak,V (2479)-Navrotescu,C (2360) Sautron 2016 EXT 2019 [RR]}) 13. Nd2 Bxd5 14. Nxd5 Nfxd5 15. Nc4 e6 ({Much less strong is} 15... Nxc4 16. Bxd5 Nb6 17. Bxa8 Qxa8 18. b3 $16) 16. Nxb6 ({Of course not} 16. b3 Nc3 17. Qc2 d5 18. Nxb6 Qxb6 $17) 16... Qxb6 17. Bxd5 exd5 18. Qxd5 Rxa4 19. Rd1 Be5 20. Be3 Rb8 21. f4 (21. b3 $5 {[%cal Rb3a4]} Rb4 22. Rbc1 $11) 21... Bf6 22. Qxd6 (22. Bf2 $15) 22... Bd4 $17 23. Qe7 (23. Rxd4 $17 {only move.} cxd4 24. Qxb6 Rxb6 25. Bf2) 23... Qb7 $19 {[%mdl 64] [#] Overworked Piece} 24. Qxb7 Bxe3+ 25. Kg2 Rxb7 26. Rd3 {Black is clearly winning.} Bd4 {[%cal Be3d4,Bd4f6,Bf6c3][%mdl 32]} 27. b3 Ra2 28. Kf3 Rc2 29. e3 Bf6 {aiming for ...c4.} 30. h4 (30. Rh1 $142) 30... c4 31. Rd6 Bc3 {Weighted Error Value: White=0.46/Black=0.03 (flawless)} 0-1

[Event "Kragero Resort International 2022"]
[Site "Kragero"]
[Date "2022.02.23"]
[Round "1.14"]
[White "Ochsner, Bjorn Moller"]
[Black "Briem, Benedikt"]
[Result "1-0"]
[WhiteElo "2496"]
[BlackElo "2079"]
[Annotator "TA"]
[PlyCount "75"]
[EventDate "2022.02.23"]
[EventType "swiss"]
[EventCountry "NOR"]
[SourceTitle "playchess.com"]
[Source "ChessBase"]
[SourceQuality "1"]

{[%evp 10,75,35,12,15,12,19,26,35,40,33,40,23,12,40,36,47,58,33,45,39,33,66,77,133,133,119,140,120,131,170,178,162,174,191,187,189,189,181,181,206,212,472,457,465,362,385,390,5314,5453,1726,2098,29987,29988,29988,29986,29989,850,29990,29991,29992,29993,29993,29994,29994,29995,29996,29997]} 1. e4 c5 2. Nf3 Nc6 3. Bb5 g6 4. Bxc6 dxc6 5. d3 Bg7 6. Nc3 e5 {B31: Sicilian: 2...Nc6 3 Bb5 g6.} 7. O-O Ne7 {[#]} 8. a3 $146 ({Predecessor:} 8. a4 a5 9. Be3 b6 10. Nd2 {½-½ (10) Kovalev,V (2651)-Saric,I (2660) Spilimbergo 2019}) 8... a5 {White has an edge.} 9. Be3 b6 10. Na4 {[%cal Ob2b4]} Rb8 11. Qb1 Bd7 12. b4 axb4 13. axb4 cxb4 14. Qxb4 {[%cal Re3b6]} c5 15. Qb2 Bxa4 16. Rxa4 {Black is on the road to losing.} Qc7 {[#]} (16... O-O $142) 17. Qb5+ $1 $16 Nc6 {[#]} 18. Ra6 $1 {White is much more active.} O-O {[#]} 19. Bxc5 {[%mdl 512]} Nd4 (19... Na7 20. Rxa7) 20. Bxd4 exd4 21. Ra2 Qc3 22. Rfa1 Rfc8 23. h4 h6 24. h5 {aiming for hxg6.} Rc5 25. Qd7 Rxh5 (25... Rc7 {might work better.} 26. Qd6 gxh5) 26. Ra8 $18 {Intending R1a7 and mate.} Kh7 {Threatens to win with ...Rxa8.} 27. Qxf7 {R1a7 would kill now.} Rf8 28. Qe6 {Really sharp!} Qxc2 $2 (28... Qb2 29. R8a2 Qc3) 29. Rxf8 Bxf8 30. Ne5 Rg5 31. Nd7 Bg7 32. Qe7 Qc8 33. Nf6+ Kh8 34. Ne8 {[%csl Ge8][%cal Re7g7] White mates.} Rxg2+ 35. Kxg2 {[%csl Ge8][%cal Re7g7]} Qg4+ 36. Kf1 {[%csl Ge8][%cal Re7g7]} Qh3+ 37. Ke1 {[%csl Ge8][%cal Re7g7]} Qh1+ 38. Kd2 {Weighted Error Value: White=0.01 (flawless) /Black=0.48} 1-0

[Event "Kragero Resort International 2022"]
[Site "Kragero"]
[Date "2022.02.23"]
[Round "1.15"]
[White "Blokhin, Sofia"]
[Black "Vrolijk, Liam"]
[Result "0-1"]
[WhiteElo "2059"]
[BlackElo "2480"]
[Annotator "TA"]
[PlyCount "76"]
[EventDate "2022.02.23"]
[EventType "swiss"]
[EventCountry "NOR"]
[SourceTitle "playchess.com"]
[Source "ChessBase"]
[SourceQuality "1"]

{[%evp 20,76,0,-14,0,-8,0,-27,-15,-18,0,-20,-10,-18,-22,-34,-19,-36,-42,-63,-46,-165,-156,-166,-61,-50,-10,-43,-64,-65,-90,-453,-452,-462,-463,-458,-357,-510,-497,-544,-539,-525,-533,-646,-650,-810,-804,-972,-931,-29981,-29982,-29988,-1430,-1310,-1210,-5543,-5121,-1652,-852]} 1. e4 e5 2. Bc4 Nf6 3. d3 Bc5 4. Nf3 Nc6 5. O-O d6 6. c3 O-O 7. b4 Bb6 8. a4 a5 9. b5 Ne7 10. Bb3 Ng6 11. Nbd2 Bg4 {C54: Giuoco Piano: 4 c3 Nf6, main lines with 5 d4 and 5 d3.} 12. h3 Bh5 13. g3 ({Much weaker is} 13. g4 Nxg4 14. hxg4 Bxg4 $15) 13... Qd7 {Black has an edge.} 14. Kh2 {[#]} Rad8 $146 ({Predecessor:} 14... Rfd8 15. Ba2 Re8 16. Qe2 d5 17. exd5 Qf5 18. Re1 Rad8 19. Bb2 e4 20. dxe4 Nxe4 {½-½ (38) Slawinski,T (2402)-Glatthaar,M (2412) ICCF email 2016}) 15. Ba3 Rfe8 16. Qc2 c6 17. bxc6 bxc6 18. Rab1 {[%cal Ob3f7]} Ba7 19. Ng1 d5 {Black is more active.} 20. exd5 (20. Ndf3 $15) 20... cxd5 $19 21. c4 {[#]} ({Avoid the trap} 21. g4 $2 Nxg4+ $1 {[%mdl 512]} 22. Kh1 Nxf2+ 23. Rxf2 Bxf2 $19) 21... Ne7 ({Black should try} 21... Rc8 $1 $19 22. Rbe1 Bd4) 22. cxd5 $1 $15 Nfxd5 23. Ne4 (23. Bc4 $5 {[%cal Rc4b5]}) 23... Nc6 $1 24. Bxd5 Qxd5 25. Nd6 {[%mdl 8192] Now White is beyond hope.} Rxd6 $19 26. Bxd6 Qxd6 27. Rb7 Bd4 28. Qc4 (28. Rc1 {was called for.} Nb4 29. Qc7) 28... h6 29. h4 Kh7 30. Nh3 Re6 31. f3 Bg6 32. Kg2 Nb4 33. Rd1 Nd5 {Threatens to win with ...Ne3+.} 34. Qc8 Ne3+ 35. Kh2 Qc6 (35... Qd5 $142 36. Qc1 Qxf3 37. Qxe3 Bxe3 38. Re1 Qxb7 39. Rxe3 Qb2+ 40. Kg1 Qc1+ 41. Kg2 Qxe3 42. h5 Bxh5 43. Nf2 Bf3+ 44. Kf1 Rg6 45. g4 Rxg4 46. Nxg4 Qe2+ 47. Kg1 Qg2#) 36. Qxc6 {Black is clearly winning.} Rxc6 37. Rdb1 Rc2+ 38. Kh1 Nf5 {Weighted Error Value: White=0.96/Black=0.41} 0-1

[Event "Kragero Resort International 2022"]
[Site "Kragero"]
[Date "2022.02.23"]
[Round "1.16"]
[White "Gharibyan, Mamikon"]
[Black "Austad, Eirik Strom"]
[Result "0-1"]
[WhiteElo "2479"]
[BlackElo "2055"]
[Annotator "TA"]
[PlyCount "64"]
[EventDate "2022.02.23"]
[EventType "swiss"]
[EventCountry "NOR"]
[SourceTitle "playchess.com"]
[Source "ChessBase"]
[SourceQuality "1"]

{[%evp 15,64,-32,-18,-1,-5,-62,-80,-73,-77,-165,-177,-177,-170,-175,-179,-538,-532,-696,-698,-685,-690,-960,-964,-950,-914,-917,-920,-1610,-1589,-3945,-3329,-2187,-5485,-29970,-29973,-6008,-5118,-6858,-6998,-29977,-29978,-29983,-29984,-29985,-29986,-29992,-29993,-29993,-29986,-29992,-29989]} 1. Nf3 Nf6 2. g3 e6 3. Bg2 d5 4. c4 Be7 5. d4 O-O 6. O-O dxc4 7. Na3 Bxa3 8. bxa3 b5 {With the idea ...Bb7.} 9. a4 {E05: Open Catalan: 5 Nf3 Be7.} a6 {[%cal Ba7a6,Ba6b5][%mdl 32] White should prevent ...Bb7.} 10. Rb1 (10. axb5 $11 axb5 11. a4) 10... Bb7 $15 11. axb5 {Black is better.} Be4 {[#]} 12. Ne5 $146 (12. Ne1 $17 {might work better.}) ({Predecessor:} 12. Nd2 Bxg2 13. Kxg2 Qd5+ 14. Nf3 axb5 15. Qc2 Nbd7 16. Bf4 c6 17. Rfd1 Qe4 18. Rdc1 Qxc2 19. Rxc2 {0-1 (59) Borhy,M (2178)-Smideliusz,M (2165) Hungary 2017}) 12... Bxg2 $19 ({Much less strong is} 12... Bxb1 13. Bxa8 axb5 14. Ba3 $16) 13. Kxg2 Qd5+ 14. f3 axb5 15. Rf2 $2 {[#]} (15. Qc2 {is more resistant.}) 15... Ne4 $1 {[%mdl 512]} 16. fxe4 (16. a3 Nxf2) 16... Qxe4+ 17. Kh3 Qxb1 18. Qh1 Rxa2 19. d5 Ra6 20. Rf1 Qc2 21. Ba3 Rxa3 22. dxe6 fxe6 23. Qb7 {[#]} Nd7 $1 24. Nxd7 Rxf1 25. Qc8+ Kf7 {( -> ...Qf5+)} 26. Qf8+ Kg6 27. Ne5+ Kh5 {Black mates.} ({Worse is} 27... Kg5 28. Qxg7+ Kf5 29. Qxh7+ Kxe5 30. Qxc2 $17) 28. Qxa3 Qxe2 29. g4+ Kh6 30. Qc5 g5 31. Kg3 Qe1+ 32. Kh3 Rf6 {White got outplayed after the opening.  Weighted Error Value: White=1.39/Black=0.02 (flawless)} 0-1

[Event "Kragero Resort International 2022"]
[Site "Kragero"]
[Date "2022.02.23"]
[Round "1.17"]
[White "Heidarsson, Arnar Milutin"]
[Black "Seo, Jung Min"]
[Result "0-1"]
[WhiteElo "2054"]
[BlackElo "2466"]
[Annotator "TA"]
[PlyCount "96"]
[EventDate "2022.02.23"]
[EventType "swiss"]
[EventCountry "NOR"]
[SourceTitle "playchess.com"]
[Source "ChessBase"]
[SourceQuality "1"]

{[%evp 15,96,0,8,0,14,12,14,-20,-22,-17,-14,-33,-16,-79,-78,-82,-77,-75,-66,-116,-127,-190,-200,-187,-170,-197,-172,-194,-168,-176,-166,-220,-202,-198,-202,-205,-203,-295,-222,-322,-285,-402,-388,-523,-518,-526,-369,-318,-133,-126,-126,-170,-135,-137,-146,-189,-153,-237,-140,-143,-138,-149,-135,-141,-141,-139,-130,-127,-103,-142,-144,-147,-108,-141,-138,-225,-210,-1562,-815,-1631,-1334,-2337,-1574]} 1. d4 Nf6 2. c4 e6 3. Nc3 Bb4 4. e3 O-O 5. Bd3 d5 6. cxd5 exd5 7. Nge2 Re8 8. O-O {8.Bd2 injects fresh life into this line.} Bf8 9. Bd2 {E48: Nimzo-Indian: Rubinstein: 5 Bd3 d5 including 6 Ne2, but excluding 6 a3.} Nc6 {[%cal Bb8c6,Bc6e7,Be7f5,Bf5d6,Bd6c4][%mdl 32] [#]} 10. Rc1 $146 ({Predecessor:} 10. Ng3 Ne7 11. b4 Ng6 12. b5 Bd6 13. Nf5 Bxf5 14. Bxf5 Nh4 15. Bh3 Ne4 16. Be1 {½-½ (48) Khismatullin,D (2659)-Tomashevsky,E (2699) Moscow 2010}) 10... Ne7 11. Nf4 {The position is equal.} c6 12. b4 a6 13. Na4 Nf5 14. g4 (14. Qc2 $11 {keeps the balance.} g6 15. Nc5) 14... Nd6 $17 15. f3 Nc4 16. Bxc4 dxc4 17. Nc5 ({Don't blunder} 17. Rxc4 $2 b5 18. Rc1 bxa4 19. Qxa4 Bb7 $19) ({White should play} 17. Rf2 $15) 17... Nd5 {[#] ...Nxf4 is the strong threat.} (17... b6 {is more complex.} 18. Na4 Nd5 19. Ng2 b5 20. Nc5 a5) 18. e4 (18. Ng2 $17) 18... Nxf4 $19 19. Bxf4 b6 {Strongly threatening ...a5.} 20. Na4 a5 21. bxa5 Rxa5 22. Rf2 ({Much worse is} 22. Rxc4 b5 23. Rxc6 Rxa4 $19) 22... Be6 23. Be3 (23. Nb2 $142 b5 24. a4) 23... b5 24. Nc5 Bxc5 25. dxc5 b4 26. Rd2 (26. Rb2 {keeps fighting.}) 26... Qa8 {Threatens to win with ...c3.} 27. Rb2 (27. Qe1 $142) 27... Ra3 ({Not} 27... Rxa2 $2 28. Rxb4 h5 29. Qe1 $19) 28. Bf4 (28. Bf2 $142 Qa5 29. Rcb1) 28... Qa5 29. Rcb1 Qxc5+ 30. Kh1 Rd3 31. Qe2 b3 (31... g5 $19 32. Bd2 Qd4 33. Bxg5 c5) 32. axb3 $17 Rxb3 33. Rc1 (33. g5 $17) 33... Qb4 34. Rbc2 Rd8 35. Bd2 (35. g5 $17) 35... Qe7 36. Kg2 (36. Rc3 $17 {might work better.}) 36... h6 ({Black should try} 36... h5 $1 $19 {[%cal Rh5g4] aiming for ...hxg4.} 37. g5 Rdd3) 37. Rc3 Qf6 38. h3 Qd4 39. R1c2 Qb6 $36 {[%mdl 2048] Black is in control.} 40. Be3 Qb4 41. Bd2 Qb5 42. Be1 Rd3 43. Bd2 Qb7 {Black is much more active.} 44. Be1 Qd7 45. Rc1 (45. Qf2 $17 {is a better defense.}) 45... Qd4 $19 46. Qc2 (46. Bf2 Qxc3 47. Rxc3 Rdxc3 48. h4) 46... Qe3 {[#] ( -> ...Rbxc3). Black is clearly winning.} 47. Rxd3 Rxd3 48. Bf2 Qxf3+ {Weighted Error Value: White=0.70/Black=0.30} 0-1

[Event "Kragero Resort International 2022"]
[Site "Kragero"]
[Date "2022.02.23"]
[Round "1.18"]
[White "Ostmoe, Geir Sune Tallaksen"]
[Black "Bazilius, Augustinas"]
[Result "1-0"]
[WhiteElo "2466"]
[BlackElo "2048"]
[Annotator "TA"]
[PlyCount "43"]
[EventDate "2022.02.23"]
[EventType "swiss"]
[EventCountry "NOR"]
[SourceTitle "playchess.com"]
[Source "ChessBase"]
[SourceQuality "1"]

{[%evp 9,43,29,31,26,29,14,37,31,39,34,38,24,119,109,112,102,118,110,301,304,308,303,368,394,400,419,403,284,368,361,470,288,623,619,670,631]} 1. d4 Nf6 2. Nf3 g6 3. Nbd2 d5 4. e3 Bg7 5. b4 O-O 6. Be2 {D02: 1 d4 d5 2 Nf3 sidelines, including 2...Nf6 3 g3 and 2...Nf6 3 Bf4.} Nbd7 7. c4 b6 {[%cal Bb7b6,Bb6c5][%mdl 32]} 8. O-O {White is slightly better.} c5 9. bxc5 bxc5 {[#]} 10. Ba3 $146 ({Predecessor:} 10. Rb1 Ba6 11. Qa4 Qc8 12. Ba3 cxd4 13. Nxd4 Nb6 14. Qc2 dxc4 15. Bxe7 Re8 16. Bxf6 Bxf6 {0-1 (37) Winter,M (1829)-Romanov,E ICCF email 2014}) 10... Qc7 (10... Ne4 $11) 11. cxd5 $16 Nxd5 12. Rc1 {Prevents Nc3.} Bb7 13. Nb3 e5 $2 {[#]} (13... Rfc8 $16 {might work better.} 14. Nxc5 Nxc5) 14. Nxc5 $18 Nxc5 15. Rxc5 Qd7 16. Nxe5 Bxe5 17. dxe5 Rfd8 18. Qc2 Rac8 19. Rd1 Qe6 20. Qb3 Ba8 {[#]} (20... Nb6 21. Rd6 Qxb3 22. axb3 Bd5) 21. Rxc8 Rxc8 22. Bc4 {Black got outplayed after the opening.  Weighted Error Value: White=0.20 (precise) /Black=0.75} 1-0

[Event "Kragero Resort International 2022"]
[Site "Kragero"]
[Date "2022.02.23"]
[Round "1.19"]
[White "Jonsson, Gauti Pall"]
[Black "Kaasen, Tor Fredrik"]
[Result "1/2-1/2"]
[WhiteElo "2048"]
[BlackElo "2458"]
[Annotator "TA"]
[PlyCount "120"]
[EventDate "2022.02.23"]
[EventType "swiss"]
[EventCountry "NOR"]
[SourceTitle "playchess.com"]
[Source "ChessBase"]
[SourceQuality "1"]

{[%evp 12,120,0,0,32,27,47,29,35,30,22,11,72,22,29,0,3,-14,-14,-54,-43,-53,0,-45,-50,-50,-46,-50,-35,-54,-45,-94,-57,-75,-57,-57,-57,-66,-75,-68,-69,-70,-75,-124,-118,-187,-190,-266,-158,-152,-157,-196,-130,-127,-119,-139,-105,-105,-121,-113,-111,-249,-226,-350,-347,-303,-172,-292,-283,-606,-575,-547,-538,-526,-525,-460,-360,-353,-344,-326,-179,-206,0,0,0,0,0,0,0,0,0,0,0,0,0,0,0,0,0,0,0,0,0,0,0,0,0,0,0,0,0]} 1. e4 c5 2. Nc3 a6 3. Nge2 b5 4. g3 Bb7 5. Bg2 e6 6. d4 cxd4 7. Nxd4 Nc6 {B43: Sicilian: Kan Variation: 5 Nc3.} 8. O-O Nxd4 9. Qxd4 Ne7 {White has an edge.} 10. Bf4 (10. a4 $5 {[%cal Ra4b5]}) 10... Nc6 {10...f6 is the hot move.} 11. Qd2 d6 (11... f6 $11 {remains equal.}) 12. Rad1 {White is more active.} ({Better is} 12. Rfd1 $16) 12... Ne5 $11 13. b3 Qc7 {[#]} 14. Ne2 $146 ({Predecessor:} 14. a4 Rc8 15. Ne2 bxa4 16. bxa4 Be7 17. Nd4 O-O 18. Rb1 Nc4 19. Qb4 Ba8 20. Nb3 {0-1 (37) Bakalchuk,J (2435)-Zubov,A (2598) Chess.com INT 2021}) 14... Be7 15. c4 bxc4 16. Rc1 Rd8 (16... a5 $15) 17. Qb2 (17. Nd4 $11 {should be considered.}) 17... O-O $15 18. Bxe5 dxe5 19. Rxc4 Qb8 20. Qc3 Rd7 {[%cal Oa6a5,Bd8d7,Bd7c7,Bc7c2][%mdl 32]} 21. Qa5 (21. Nc1 $15 {is superior.}) 21... Rfd8 22. Nc3 Rc8 23. Rxc8+ Qxc8 24. Na4 (24. Qxe5 $2 Bf6 25. Qf4 Qxc3 $19) 24... Qc7 25. Qxc7 Rxc7 26. Rd1 Kf8 27. Bf3 (27. Nb6 $142) 27... Rc2 $17 28. Rd7 (28. Nb6 $17 {keeps fighting.}) 28... Bc6 $19 29. Rc7 {[#]} (29. Rd1 {was called for.}) 29... Bxe4 $1 {[%mdl 512] A strong pair of Bishops.} 30. Rxc2 $17 Bxc2 $19 {[%mdl 4096] Endgame KBB-KBN} 31. Nb6 Bd6 (31... e4 $19 32. Be2 a5) 32. Nc4 $17 {[#]} Bc7 33. b4 e4 34. Be2 Ke7 35. Kf1 f5 36. Nd2 (36. Ne3 $17 Bb1 37. Bc4) 36... Bd3 $19 37. Bxd3 (37. Nc4 $142) 37... exd3 {KB-KN} 38. Nc4 Bd6 (38... e5 $142 {Threatens to win with ...Ke6.} 39. a4 e4) 39. a3 {[#]} (39. Nb2 $142) 39... e5 $1 {[%cal Be6e5,Be5e4][%mdl 32]} 40. Ke1 $2 (40. f3 Bb8 41. a4) 40... e4 41. f3 Ke6 42. Kd2 Bc7 43. a4 g6 44. b5 axb5 ({Weaker is} 44... exf3 45. bxa6 f2 46. a7 $11) 45. axb5 Kd5 ({Inferior is} 45... exf3 46. Ke3 $17) 46. b6 Bxb6 47. Nxb6+ {KN-KP. The position is equal.} Kd4 48. fxe4 fxe4 49. Na4 g5 50. g4 e3+ 51. Ke1 Kc4 {Strongly threatening ...Kb3.} 52. Nb2+ Kc3 53. Nd1+ Kd4 {And now ...e2 would win.} 54. Nb2 $1 Ke4 (54... Kc3 $5 55. Nd1+ Kd4 $11) 55. Kd1 h6 56. h3 Kd4 57. Ke1 Kc3 58. Nd1+ Kd4 {White must now prevent ...e2.} 59. Nb2 Ke4 (59... Kc3 $5 60. Nd1+ Kd4 61. Nb2 $11) 60. Kd1 Kd4 {White happily takes the draw.  Weighted Error Value: White=0.26 (precise) /Black=0.18 (very precise)} 1/2-1/2